00806nam a2200157Ia 4500008004100000100002700041245015800068245017700226260005300403260001600456300000800472650001500480856006100495999001900556952007300575170221s9999 xx 000 0 und d aIraida G. Ovchinnikova aElaboration of a Frame Model for Intensification and Managing Requirements to Learning Outcomes in Regional Systems of Continuing Professional Education  cIraida G. Ovchinnikova, Lubov V. Kurzaeva, Tamara B. Solomatina, Galina N. Chusavitina, Vladimir E. Petelyak, Natalya N. Zerkina, Yekaterina A. Lomakina, Maria V. Musiychuk bInternational Review of Management and Marketing cAugust 2015 a4:2 xMarketing. uhttp://www.econjournals.com/index.php/irmm/issue/view/71 c310123d310123 001040aCLbCLd2017-02-21l0r2017-02-21 00:00:00w2017-02-21yFOJ